Las Islas Malvinas: archipiélago argentino
Guardat en:
| Autor principal: | |
|---|---|
| Format: | Llibre |
| Idioma: | espanyol |
| Publicat: |
Buenos Aires
Claridad
1984
|
| Edició: | 4a. ed |
| Matèries: | |
| Etiquetes: |
Afegir etiqueta
Sense etiquetes, Sigues el primer a etiquetar aquest registre!
|
MARC
| LEADER | 00000nam a2200000 a 4500 | ||
|---|---|---|---|
| 001 | UCN4367 | ||
| 003 | CL-VaPUC | ||
| 008 | 010803e19840000AG |||||||||||||||||spa|d | ||
| 082 | 0 | 4 | |a 341.42 |b PAL |2 21 |
| 100 | |a Palacios, Alfredo Lorenzo |e autor |9 460699 | ||
| 245 | 1 | 4 | |a Las Islas Malvinas: archipiélago argentino |
| 250 | |a 4a. ed | ||
| 300 | |a 176 p | ||
| 942 | |c BK | ||
| 945 | |d 20010803 00:00:00 |a vberengu | ||
| 260 | |a Buenos Aires |b Claridad |c 1984 | ||
| 650 | 0 | |a Relaciones Internacionales |9 255740 | |
| 650 | 7 | |a TRATADOS |2 CL-VaPUC |9 460700 | |
| 650 | 7 | |a IDEALISMO ARGENTINO |2 CL-VaPUC |9 460701 | |
| 650 | 0 | |a Soberanía |9 266726 | |
| 650 | 0 | |a Política internacional |9 255813 | |
| 651 | 0 | |a Islas Malvinas |9 398475 | |
| 651 | 0 | |a Argentina |9 254888 | |
| 651 | 0 | |a España |9 254926 | |
| 651 | 0 | |a Inglaterra |9 255158 | |
| 583 | |a last modification |c 20010803 00:00:00 |k Rodrigo Vera | ||
| 999 | |c 296616 |d 296614 | ||
| 952 | |0 0 |1 0 |4 0 |6 341_420000000000000_PAL_1984 |7 0 |8 A |9 350555 |a BIBHIS |b BIBHIS |d 2019-11-20 |i 3740366 |o 341.42 PAL 1984 |p 3740366 |r 2025-01-20 |w 2019-11-20 |y BK |k HIS | ||